000 00454nam a2200145Ia 4500
008 220217s9999 xx 000 0 und d
245 0 _aMethods for testing tar and bituminous materials: Determination of water content (Dean and Stark method). (First Revision).
260 _c1978
500 _aStandard number: IS 1211
650 _aBituminous materials
650 _aDean and Stark method
650 _aTar
650 _aWater content
942 _cST
999 _c73493
_d73493